[Event "ALG-ch"]
[Site "Ain Tagoura"]
[Date "2020.02.04"]
[Round "1"]
[White "Idjeri, Yanis"]
[Black "Redjem, Lyes"]
[Result "1-0"]
[WhiteElo "1956"]
[BlackElo "1624"]
[PlyCount "63"]
[EventDate "2020.02.04"]
[EventType "swiss"]
[EventRounds "9"]
[EventCountry "ALG"]
[SourceTitle "CBM 194 Extra"]
[Source "ChessBase"]
[SourceDate "2020.03.31"]
[SourceVersion "1"]
[SourceVersionDate "2020.03.31"]
[SourceQuality "1"]

1. e4 e6 2. d4 d5 3. Nc3 Nf6 4. Bg5 dxe4 5. Nxe4 Be7 6. Bxf6 Bxf6 7. Nf3 0-0 8. Qd2 Nd7 9. 0-0-0 b6 10. Bd3 Bb7 11. Qf4 Be7 12. h4 Nf6 13. Neg5 h6 14. c3 Nd5 15. Qe4 Nf6 16. Qxb7 Qd6 17. Nh3 a5 18. Ne5 Nd5 19. Qc6 Qd8 20. g3 a4 21. Nf4 Nf6 22. Nxe6 Qc8 23. Nxf8 Kxf8 24. Qc4 Qe8 25. Rhe1 Ra5 26. Qxc7 a3 27. b4 Ra6 28. Qc6 Qd8 29. Nxf7 Qb8 30. Ne5 Ra7 31. Qe6 Bxb4 32. Ng6# 1-0

[Event "ALG-ch"]
[Site "Tiaret"]
[Date "2019.08.03"]
[Round "5"]
[White "Saim, Mohamed Ilias"]
[Black "Idjeri, Yanis"]
[Result "1-0"]
[WhiteElo "2131"]
[BlackElo "1877"]
[PlyCount "68"]
[EventDate "2019.08.01"]
[EventType "swiss"]
[EventRounds "9"]
[EventCountry "ALG"]
[SourceTitle "EXT 2020"]
[Source "ChessBase"]
[SourceDate "2019.10.17"]
[SourceVersion "1"]
[SourceVersionDate "2019.10.17"]
[SourceQuality "1"]

1. e4 c5 2. Nf3 d6 3. d4 cxd4 4. Nxd4 Nf6 5. Nc3 a6 6. Bg5 e6 7. f4 Be7 8. Qe2 h6 9. Bxf6 Bxf6 10. 0-0-0 Qb6 11. e5 Be7 12. Kb1 dxe5 13. fxe5 Nc6 14. Nxc6 Qxc6 15. Qg4 g6 16. Bd3 h5 17. Qe2 Bd7 18. Rhf1 Rh7 19. Rf4 Bg5 20. Rc4 Qb6 21. Ne4 Be7 22. Nf6+ Bxf6 23. exf6 Rd8 24. a4 Bc6 25. Be4 Rxd1+ 26. Qxd1 Qc7 27. Qd4 h4 28. Qc3 Kd7 29. Qb4 Qd6 30. Bxc6+ bxc6 31. Rd4 Qxd4 32. Qxd4+ Kc7 33. a5 Rh5 34. Qa7+ Kd6 1-0

[Event "ALG-ch"]
[Site "Tiaret"]
[Date "2019.08.02"]
[Round "4"]
[White "Idjeri, Yanis"]
[Black "Moulay, Mehdi"]
[Result "1-0"]
[WhiteElo "1877"]
[BlackElo "2076"]
[PlyCount "47"]
[EventDate "2019.08.01"]
[EventType "swiss"]
[EventRounds "9"]
[EventCountry "ALG"]
[SourceTitle "EXT 2020"]
[Source "ChessBase"]
[SourceDate "2019.10.17"]
[SourceVersion "1"]
[SourceVersionDate "2019.10.17"]
[SourceQuality "1"]

1. e4 e5 2. Nf3 d6 3. d4 exd4 4. Nxd4 Nf6 5. Nc3 Be7 6. Be2 0-0 7. g4 d5 8. e5 Ne4 9. Nxe4 dxe4 10. Be3 Re8 11. e6 fxe6 12. Bc4 Bf6 13. c3 Kh8 14. Rg1 e5 15. g5 Be7 16. g6 Bf8 17. Qh5 h6 18. 0-0-0 Qe7 19. Bg5 exd4 20. Bxe7 Bxe7 21. Rxd4 Nc6 22. Rxe4 Bg5+ 23. Rxg5 Rxe4 24. Qxh6+ 1-0

[Event "Tipaza U2200 op"]
[Site "Tipaza"]
[Date "2019.05.02"]
[Round "4"]
[White "Idjeri, Yanis"]
[Black "Serrai, Abderrezak"]
[Result "1/2-1/2"]
[WhiteElo "1904"]
[BlackElo "1406"]
[PlyCount "111"]
[EventDate "2019.05.01"]
[EventType "swiss"]
[EventRounds "9"]
[EventCountry "ALG"]
[SourceTitle "CBM 190 Extra"]
[Source "ChessBase"]
[SourceDate "2019.07.15"]
[SourceVersion "1"]
[SourceVersionDate "2019.07.15"]
[SourceQuality "1"]

1. e4 Nc6 2. Nf3 f5 3. exf5 d5 4. d4 Bxf5 5. Bb5 a6 6. Ba4 b5 7. Bb3 e6 8. 0-0 Bd6 9. h3 Nf6 10. Nh4 0-0 11. Nxf5 exf5 12. c3 Na5 13. Bc2 Ne4 14. Nd2 Nc4 15. Nf3 c6 16. a4 Qf6 17. b3 Nxc3 18. Qd3 Ne4 19. bxc4 bxc4 20. Qd1 Rfe8 21. Bxe4 fxe4 22. Nh2 Rab8 23. Be3 Rb3 24. Qc2 Bc7 25. Rfb1 Qd6 26. Nf1 Reb8 27. g3 Qb4 28. Nd2 Rc3 29. Rxb4 Rxc2 30. Rxb8+ Bxb8 31. Kf1 Bd6 32. Ke1 a5 33. Kd1 Rc3 34. Ra2 Bxg3 35. Ke2 Bd6 36. f3 exf3+ 37. Nxf3 Rb3 38. Ne5 c5 39. Nc6 cxd4 40. Bxd4 Rxh3 41. Nxa5 Rh2+ 42. Bf2 g5 43. Nb7 Bg3 44. Kf1 Bxf2 45. Rxf2 Rh1+ 46. Kg2 Ra1 47. Nc5 d4 48. Kf3 d3 49. Ke3 h5 50. Rh2 h4 51. Rg2 Re1+ 52. Kd2 Re5 53. Nd7 Ra5 54. Nb6 Kf7 55. Nxc4 Rxa4 56. Rxg5 1/2-1/2

[Event "ALG-ch"]
[Site "Algiers"]
[Date "2016.01.16"]
[Round "1"]
[White "Nassr, Ali"]
[Black "Idjeri, Yanis"]
[Result "1-0"]
[WhiteElo "2190"]
[BlackElo "1769"]
[PlyCount "105"]
[EventDate "2016.01.16"]
[EventType "swiss"]
[EventRounds "9"]
[EventCountry "ALG"]
[SourceTitle "CBM 170 Extra"]
[Source "ChessBase"]
[SourceDate "2016.02.25"]
[SourceVersion "1"]
[SourceVersionDate "2016.02.25"]
[SourceQuality "1"]

1. Nf3 Nf6 2. d4 g6 3. Bf4 Bg7 4. e3 0-0 5. h3 d6 6. Be2 c5 7. c3 Qb6 8. Qc1 Nc6 9. 0-0 a5 10. Nbd2 d5 11. b3 cxd4 12. cxd4 Bf5 13. a3 Rfc8 14. Qb2 h6 15. Rac1 Kh7 16. Bh2 Ne4 17. Nxe4 Bxe4 18. Qa2 Bf5 19. Rc5 Na7 20. Rfc1 Rxc5 21. dxc5 Qd8 22. Qd2 Nc6 23. Rd1 Be6 24. Nd4 Nxd4 25. exd4 Bd7 26. Qe3 e6 27. b4 axb4 28. axb4 b6 29. b5 Be8 30. c6 Qc8 31. Be5 f6 32. Bg3 Bf7 33. Qf4 Be8 34. Qc7 e5 35. Qxc8 Rxc8 36. dxe5 fxe5 37. Rxd5 Bxc6 38. bxc6 Rxc6 39. Bxe5 Bxe5 40. Rxe5 Kg7 41. Re7+ Kf6 42. Rb7 Kg5 43. g3 h5 44. h4+ Kh6 45. Bd3 Rd6 46. Be4 Re6 47. f3 Rd6 48. Kf2 Rd2+ 49. Ke3 Rg2 50. Kf4 Rb2 51. g4 hxg4 52. fxg4 Rf2+ 53. Kg3 1-0

[Event "Algiers Algerian Cup"]
[Site "Algiers"]
[Date "2015.10.30"]
[Round "1"]
[White "Khair, Adem"]
[Black "Idjeri, Yanis"]
[Result "1/2-1/2"]
[WhiteElo "2142"]
[BlackElo "1808"]
[PlyCount "80"]
[EventDate "2015.10.30"]
[EventType "swiss"]
[EventRounds "6"]
[EventCountry "ALG"]
[SourceTitle "EXT 2017"]
[Source "ChessBase"]
[SourceDate "2016.10.25"]
[SourceVersion "1"]
[SourceVersionDate "2016.10.25"]
[SourceQuality "1"]

1. e4 c5 2. Nf3 d6 3. Bb5+ Bd7 4. Bxd7+ Qxd7 5. 0-0 Nf6 6. Nc3 Nc6 7. d4 cxd4 8. Nxd4 g6 9. h3 Bg7 10. Be3 0-0 11. Nde2 b5 12. a3 a5 13. Ng3 Rab8 14. Re1 Rfd8 15. Qe2 Qb7 16. Red1 Ne8 17. Rab1 Ne5 18. Bd4 Nc7 19. f4 Nc4 20. Bxg7 Kxg7 21. Kh2 Qc6 22. Nd5 e6 23. Nxc7 Qxc7 24. Qf3 Qc6 25. Qc3+ Kg8 26. b3 Ne5 27. Qxa5 Nd7 28. Rd2 Nf6 29. Qb4 h5 30. h4 d5 31. Rbd1 Qc7 32. e5 Ng4+ 33. Kh3 Qa7 34. Re1 Rdc8 35. f5 Nf2+ 36. Kh2 Ng4+ 37. Kh3 Nf2+ 38. Kh2 Ng4+ 39. Kh3 Nf2+ 40. Kh2 Ng4+ 1/2-1/2